000 00327nam a2200133Ia 4500
005 20251222144906.0
008 251222s9999||||xx |||||||||||||| ||spa||
082 _a616.462/J74
100 _aJoslin, Elliot P.
245 0 _aTratamiento de la diabetes sacarina
250 _a10a.ed.
264 _bInteramericana
942 _cLIB
999 _c22170
_d22170